A level law

Bibliographic Details
Format: Book

MARC

LEADER 00000cam a2200000 7i4500
001 0000009772
002 000010640
005 20000330.0
020 |a 1874241759 
090 0 0 |a 344.2   |b BOO 
245 1 0 |a A level law 
999 |a 047542   |b BUKU   |c PINJAMAN   |e PERPUSTAKAAN KOMUNITI PETALING JAYA